| 000 | 00988nam a22003257a 4500 | ||
|---|---|---|---|
| 001 | BR9506138 | ||
| 003 | BR-BrBNA | ||
| 005 | 20230928094546.0 | ||
| 007 | ta | ||
| 008 | 230509b bl.||||| |||| 00| 0 por d | ||
| 040 |
_aBR-BrBNA _bpor _cBiblioteca Nacional de Agricultura |
||
| 041 | _a(Por) | ||
| 072 |
_aP36 _b1950 _b2030 |
||
| 090 | _ 1950 BR9506138 | ||
| 100 | 1 | _aNascimento, P.C. do | |
| 110 | 1 |
_aEscola Superior de Agricultura Luiz de Queiroz, Piracicaba, SP (Brasil) _0Tese (Mestre em Agronomia) |
|
| 245 | 1 | _aRazao de perdas de solo sob cultivo de tres leguminosas | |
| 260 | 3 |
_aPiracicaba, SP (Brasil): _c1994. |
|
| 300 | _a59 p. | ||
| 500 | _a10 graphs; 5 tables; Summaries (Eng, Por); 42 ref. | ||
| 650 | _aCanhamo da India | ||
| 650 | _aMucuna Preta | ||
| 650 | _aLabe-Labe | ||
| 650 | _aAdubo Verde | ||
| 650 | _aPlanta de Cobertura | ||
| 650 | _aErosao do Solo | ||
| 650 | _aConservacao do Solo | ||
| 909 |
_a202309 _bLucia _c55 _dLucia Elande |
||
| 942 | _cBK | ||
| 999 |
_c51334 _d51334 |
||